000 00688nam a2200193Ia 4500
003 GCL
008 140319s9999 xx 000 0 ara d
040 _aGCL /
_cGCL
082 0 4 _a940.2
_bع ت
100 1 _aعبدالعزيز سليمان نوار
245 1 0 _aالتاريخ الحديث اوربا :
_bمنذ الثورة الفرنسية حتى الحرب الفرنسية البروسية 1871-1789 /
_cعبدالعزيز سليمان نوار
260 _aالقاهرة :
_bدار الفكر العربى ،
_c1985
300 _a504 ص ؛
_c24 سم
490 _a
650 0 4 _aالعصر الحديث
650 0 4 _aتاريخ
650 0 4 _aاوربا
942 _2ddc
_cBK
999 _c33014
_d33014